| 000 | 00721nam a2200133Ia 4500 | ||
|---|---|---|---|
| 008 | 171212s9999 xx 000 0 und d | ||
| 020 | _a9780833068422 | ||
| 100 | _aHanauer, Larry;Miller, Laurel E. | ||
| 245 |
_cHanauer, Larry;Miller, Laurel E. _aResolving Kirkuk _bLessons Learned from Settlements of Earlier Ethno-Territorial Conflicts |
||
| 260 |
_bRAND Corporation _c2012 |
||
| 650 | _aHistory | ||
| 650 | _aKarkuk (Iraq) -- Ethnic relations -- Political aspects; Karkuk (Iraq) -- Politics and government -- 21st century; Ethnic conflict -- Iraq -- Karkuk -- History -- 21st century; Compromise formation -- Iraq -- Karkuk -- History -- 21st century; Iraq War, 20 | ||
| 856 | _uwww.jstor.org/stable/10.7249/j.ctt3fh1w3 | ||
| 999 |
_c352497 _d352497 |
||